| 000 | 00393nam a2200169 a 4500 | ||
|---|---|---|---|
| 001 | 0000-8550 | ||
| 003 | ELIB.Books | ||
| 008 | 110520 1996 | ||
| 035 | _a(ELIB.Books)0000-8695 | ||
| 082 |
_a231 _bUra |
||
| 100 | _aUrantia | ||
| 245 | _aThe Urantia Book | ||
| 260 |
_bChicago: Uversa Press _c1996 |
||
| 650 | _aGod | ||
| 942 |
_2ddc _cBK |
||
| 998 |
_cbat _e2011-05-20 |
||
| 999 |
_c8550 _d8550 |
||